000 00550nam a2200181Ia 4500
008 090711s9999 xx 000 0 und d
082 _b52978
100 _aप्रीतम अमgता
245 _aकामिनी
260 _bश्रीविद्या प्रकाशन
_c1986
300 _a90
600 _aप्रीतम अमgता
630 _aकामिनी
700 _aप्रीतम अमgता
700 _aजोशी पद्माकर
730 _aकामिनी
942 _cBOOK
999 _c330327
_d330327